MARC details
| 000 -LEADER |
| campo de control de longitud fija |
02038nkc a2200301za 4500 |
| 001 - NÚMERO DE CONTROL |
| campo de control |
84594 |
| 003 - IDENTIFICADOR DE NÚMERO DE CONTROL |
| campo de control |
OSt |
| 005 - FECHA Y HORA DE LA ÚLTIMA TRANSACCIÓN |
| campo de control |
20260427095937.0 |
| 007 - CAMPO FIJO DE DESCRIPCIÓN FÍSICA--INFORMACIÓN GENERAL |
| campo de control de longitud fija |
kh boc |
| 008 - DATOS DE LONGITUD FIJA--INFORMACIÓN GENERAL |
| campo de control de longitud fija |
250410s1909 sp ||||| ||||||0| i|spa d |
| 040 ## - FUENTE DE CATALOGACIÓN |
| Centro catalogador/agencia de origen |
M-RABA |
| Lengua de catalogación |
spa |
| Centro/agencia transcriptor |
M-RABA |
| 245 00 - MENCIÓN DEL TÍTULO |
| Título |
Sta. Leocadia saliendo de su sepulcro y S. Ildefonso cortando un pedazo de un velo con el cuchillo que le dio Recesvinto |
| Medio |
[Material gráfico] |
| Mención de responsabilidad, etc. |
/ Esteban de Agreda |
| 246 ## - FORMA VARIANTE DEL TITULO |
| Título propio/Titulo breve |
Santa Leocadia saliendo de su sepulcro y San Isidoro cortando un trozo del velo con el cuchillo que le dio Recesvinto |
| 260 ## - PUBLICACIÓN, DISTRIBUCIÓN, ETC. |
| Nombre del editor, distribuidor, etc. |
[Hauser y Menet] |
| Fecha de publicación, distribución, etc. |
, [ca. 1909] |
| 300 ## - DESCRIPCIÓN FÍSICA |
| Extensión |
1 fotografía |
| Otras características físicas |
: gelatina de plata |
| Dimensiones |
; imagen 19,5 x 11,5 cm |
| -- |
; soporte secundario 30 x 24 cm |
| 500 ## - NOTA GENERAL |
| Nota general |
Fotografía del relieve "Santa Leocadia saliendo de su sepulcro y San Isidoro cortando un trozo del velo con el cuchillo que le dio Recesvinto" de Esteban Agreda, obteniendo el segundo premio de la Academia en Escultura, de primera clase en el año 1790. La obra original no se conserva. |
| 500 ## - NOTA GENERAL |
| Nota general |
Montada sobre un soporte secundario de cartón, con texto manuscrito a lápiz en la parte inferior al recto: "Sta. Leocadia saliendo de su sepulcro y S. Ildefonso cortando un pedazo de un velo con el cuchillo que le dio Recesvinto. Premio 2º Esteban Agreda (B). Concurso de 1790-1ª clase". Nota manuscrita al verso a lápiz rojo: "1790-1ª clase". |
| 500 ## - NOTA GENERAL |
| Nota general |
Fecha probable de la realización de la fotografía realizada por Hauser y Menet. |
| 544 ## - NOTA DE LOCALIZACIÓN DE MATERIALES DE ARCHIVO RELACIONADOS |
| Depositario(custodio) |
Archivo de la Real Academia de Bellas Artes de San Fernando (Le-4-29-1) |
| 600 10 - PUNTO DE ACCESO ADICIONAL DE MATERIA--NOMBRE DE PERSONA |
| Nombre de persona |
Agreda, Esteban de |
| Fechas asociadas al nombre |
(1759-1842) |
| 9 (RLIN) |
111694 |
| 610 24 - PUNTO DE ACCESO ADICIONAL DE MATERIA--NOMBRE DE ENTIDAD CORPORATIVA |
| Nombre de entidad corporativa o nombre de jurisdicción como elemento de entrada |
Real Academia de Bellas Artes de San Fernando. |
| 9 (RLIN) |
75832 |
| 651 #7 - PUNTO DE ACCESO ADICIONAL DE MATERIA--NOMBRE GEOGRÁFICO |
| Nombre geográfico |
Madrid |
| Fuente del encabezamiento o término |
embne |
| 9 (RLIN) |
75182 |
| 655 #7 - TERMINO DE INDIZACIÓN--GENERO/FORMA |
| Datos o término principal de género/forma |
Fotografías de obras de arte |
| 9 (RLIN) |
75675 |
| 710 2# - ENTRADA AGREGADA--NOMBRE DE ENTIDAD CORPORATIVA |
| Nombre de entidad corporativa o nombre de jurisdicción como elemento de entrada |
Hauser y Menet (Madrid) |
| 9 (RLIN) |
50978 |
| 852 ## - LOCALIZACIÓN |
| Número de control de estantería |
Fot-616 |
| 856 ## - LOCALIZACIÓN Y ACCESO ELECTRÓNICOS |
| Materiales especificados |
Fot-616 |
| Identificador Uniforme de Recurso |
<a href="https://archivoybiblioteca.realacademiabellasartessanfernando.com/cgi-bin/koha/opac-retrieve-file.pl?id=9d96afd209b7f4ffc7ffa094dc6f0134">https://archivoybiblioteca.realacademiabellasartessanfernando.com/cgi-bin/koha/opac-retrieve-file.pl?id=9d96afd209b7f4ffc7ffa094dc6f0134</a> |
| 942 ## - ELEMENTOS DE ENTRADA SECUNDARIOS (KOHA) |
| Fuente de la clasificación o esquema de estantería |
Clasificación Decimal Dewey |
| Tipo de ítem Koha |
Fotografías |
| Suprimir en OPAC |
No |